Madkhil ali tadrees al-uloom (Record no. 1227427)
[ view plain ]
| 000 -LEADER | |
|---|---|
| fixed length control field | 00647nam a2200217Ia 4500 |
| 005 - DATE AND TIME OF LATEST TRANSACTION | |
| control field | 20241129110130.0 |
| 008 - FIXED-LENGTH DATA ELEMENTS--GENERAL INFORMATION | |
| fixed length control field | 241129s9999||||xx |||||||||||||| ||und|| |
| 020 ## - INTERNATIONAL STANDARD BOOK NUMBER | |
| International Standard Book Number | 978-977-350-128-0 |
| 037 ## - SOURCE OF ACQUISITION | |
| Stock number | TB |
| 040 ## - CATALOGING SOURCE | |
| Original cataloging agency | ARTS |
| Language of cataloging | eng |
| Transcribing agency | ARTS |
| 041 ## - LANGUAGE CODE | |
| Language code of text/sound track or separate title | eng |
| Source of code | eng |
| 084 ## - COLON CLASSIFICATION NUMBER | |
| Classification number | T:3:(A) 28Q8 |
| Assigning agency | ARTS |
| 100 ## - MAIN ENTRY--PERSONAL NAME | |
| Personal name | Audah Sana Maleji al-Sayed Au. |
| 9 (RLIN) | 727325 |
| 245 #0 - TITLE STATEMENT | |
| Title | Madkhil ali tadrees al-uloom |
| Statement of responsibility, etc. | Audah Sana Maleji al-Sayed Au. |
| 260 ## - PUBLICATION, DISTRIBUTION, ETC. | |
| Place of publication, distribution, etc. | Cairo, Egypt |
| Name of publisher, distributor, etc. | Darul kitab al-hadees |
| Date of publication, distribution, etc. | 2017 |
| 300 ## - PHYSICAL DESCRIPTION | |
| Extent | 420p. |
| 365 ## - TRADE PRICE | |
| Price type code | INR |
| Price amount | 1274 |
| 650 ## - SUBJECT ADDED ENTRY--TOPICAL TERM | |
| Topical term or geographic name entry element | EducationTeachingScience |
| 9 (RLIN) | 727326 |
| 942 ## - ADDED ENTRY ELEMENTS (KOHA) | |
| Koha item type | Textbook |
| Classification part | T:3:(A) 28Q8 |
| Withdrawn status | Lost status | Damaged status | Not for loan | Home library | Current library | Date acquired | Source of acquisition | Cost, normal purchase price | Inventory number | Total Checkouts | Full call number | Barcode | Date last seen | Price effective from | Koha item type |
|---|---|---|---|---|---|---|---|---|---|---|---|---|---|---|---|
| Arts Library | Arts Library | 2024-11-29 | Nadwi Publications | 1274.00 | 1722 & 27/01/2024 | T:3:(A) 28Q8 | AL1803461 | 2024-11-29 | 2024-11-29 | Textbook |
